Essentials of modern biology
Salvato in:
| Autore principale: | |
|---|---|
| Natura: | Libro |
| Lingua: | inglese |
| Pubblicazione: |
Ane Books
2019
|
| Tags: |
Aggiungi Tag
Nessun Tag, puoi essere il primo ad aggiungerne!!
|
MARC
| LEADER | 00000nam a22000007a 4500 | ||
|---|---|---|---|
| 008 | 210914b ||||| |||| 00| 0 eng d | ||
| 020 | |a 9789385166471 | ||
| 100 | |a SOBTI, R. C. | ||
| 245 | |a Essentials of modern biology |c R. c. Sobri and V. L. Sharma |g xiv, 711p. : ill. | ||
| 260 | |b Ane Books |c 2019 |h New Delhi |i 697094 |i 697094 |l QH 308 . SO1 |m Biology | ||
| 500 | |a It includes reference and index | ||
| 942 | |a lcc |c BK |e ADEYEYE Y. S. |f 14 - 09 2021 | ||
| 952 | |0 0 |1 0 |2 lcc |4 0 |6 QH0308 S O1 |7 0 |9 3561 |a HOL |b HOL |c QZ |d 2021-09-14 |l 0 |o QH 308 . SO1 |p 2021-67292 |r 2021-09-14 00:00:00 |w 2021-09-14 |y BK | ||
| 952 | |0 0 |1 0 |2 lcc |4 0 |6 QH0308 S O1 |7 0 |9 3562 |a HOL |b SL |c QZ |d 2021-09-14 |l 0 |o QH 308 . SO1 |p 2021-67293 |r 2021-09-14 00:00:00 |w 2021-09-14 |y BK | ||
| 999 | |c 1764 |d 1764 | ||